|
|
|
|
| LEADER |
00837nam a2200205 a 4500 |
| 001 |
GR-MES2783 |
| 008 |
991111s gr 000 0 gre d |
| 020 |
|
|
|a 9602862599
|
| 040 |
|
|
|a GrPaTEI
|b gre
|c GR-PaULI
|
| 245 |
0 |
0 |
|a Νοσηλευτική διαγνωστική και κλινική πρακτική :
|b Οδηγοί νοσηλευτικής φροντίδας.
|
| 260 |
|
|
|a Αθήνα :
|b Ιων,
|c c1997
|
| 300 |
|
|
|a 516σελ. :
|b πιν.
|
| 650 |
|
4 |
|a ΝΟΣΗΛΕΥΤΙΚΗ
|
| 700 |
1 |
|
|a Brabec, Paula D.
|
| 700 |
1 |
|
|a Gettrust, K.
|
| 710 |
0 |
|
|a Ιων
|
| 942 |
|
|
|2 ddc
|
| 952 |
|
|
|0 0
|1 0
|2 ddc
|4 0
|6 610_730000000000000_GET
|7 0
|9 267211
|a MSLG
|b MSLG
|c BSC
|d 2021-01-17
|e 24
|f 0
|g 0.00
|l 0
|o 610.73 GET
|p 2420000011696
|r 2021-01-17 00:00:00
|t 1
|w 2021-01-17
|y BK15
|x 19991111 0 1
|x GrPaTEI
|
| 971 |
|
|
|a .b25738288
|b 16-04-20
|c 13-09-16
|
| 999 |
|
|
|c 153827
|d 153827
|